¿Cuántas fronteras? - Porrazos #2 - Estadísticas

Estadísticas generales
  • Esta prueba ha sido intentada 2.529 veces
  • La puntuación promedio es 9 de 20
Estadísticas de respuestas
País Países limítrofes Cant. de fronteras % Correcto
Australia 0
92%
Mongolia China, Rusia 2
92%
Catar Arabia Saudita 1
84%
Mónaco Francia 1
73%
Indonesia Timor Oriental, Malasia, Papúa Nueva Guinea 3
67%
Guyana Brasil, Surinam, Venezuela 3
66%
Liechtenstein Austria, Suiza 2
61%
Kuwait Irak, Arabia Saudita 2
53%
Filipinas 0
39%
Cabo Verde 0
37%
Brunéi Indonesia 1
34%
Bangladés India, Myanmar 2
31%
Alemania Austria, Bélgica, República Checa, Dinamarca, Francia, Luxemburgo, Países Bajos, Polonia, Suiza 9
27%
Belice Guatemala, México 2
26%
Gambia Senegal 1
25%
Noruega Finlandia, Rusia, Suecia 3
24%
Bután China, India 2
23%
Líbano Israel, Siria 2
19%
Yibuti Eritrea, Etiopía, Somalia 3
18%
Irán Afganistán, Armenia, Azerbaiyán, Irak, Pakistán, Turkmenistán, Turquía 7
13%
No se encontraron pruebas coincidentes
Distribución de puntuación
Porcentaje de gente con cada puntuación
Porcentaje por número respondido
Historial de tus puntuaciones
No has intentado esta prueba.